Państwa Osi - Statystyki

Ogólne statystyki
  • Ten quiz został rozwiązany 107 razy
  • Średni wynik to 7 z 13
Statystyki odpowiedzi
Data dołączenia Odpowiedź % Poprawnych
22 maj 1939 Włochy
97%
27 września 1940 Japonia
90%
23 listopad 1940 Rumunia
76%
20 listopad 1940 Węgry
76%
24 listopad 1940 Słowacja
67%
1 marzec 1941 Bułgaria
65%
22 maj 1939 III Rzesza
63%
10 kwiecień 1941 (Data utworzenia państwa, państwo marionetkowe zależne od III Rzeszy) Chorwacja
53%
25-27 marzec 1941 Jugosławia
37%
1 czerwca 1941 (Data utworzenia państwa, państwo marionetkowe zależne od III Rzeszy) Grecja
36%
1 wrzesień 1941 (Data utworzenia państwa, państwo marionetkowe zależne od III Rzeszy) Serbia
36%
Czerwiec 1941 (Data utworzenia państwa, państwo marionetkowe zależne od Włoch) Czarnogóra
19%
18 wrzesień 1943 (Data utworzenia państwa, państwo marionetkowe zależne od III Rzeszy) Włoska Republika Socjalna
4%
Nie znaleziono quizów pasujących do podanych kryteriów
Rozkład punktacji
Procent ludzi z każdym wynikiem
Percentyl według liczby udzielonych odpowiedzi
Twoja historia wyników
Nie rozwiązałeś tego quizu